00763nam a22002057a 450000500170000000800410001702000180005804000180007608200200009410000230011424501040013725000120024126000770025330000260033065000390035665000410039565000510043665000490048770000210053620240404143033.0240404b ||||| |||| 00| 0 eng d a9789353066499 cAIMIT LIBRARY 26a338.04bBARB aBarringer, Bruce R aEntrepreneurship :bsuccessfully launching new ventures /cBy Bruce R Barringer and R Duane Ireland a6th ed. aNoida, Uttar Pradesh :bPearson India Education Services Pvt.Ltd,c2024. a617p. ;bPB :c28 cm. aDecision to Become an Entrepreneur aDeveloping Successful Business Ideas aMoving from an Idea to an Entrepreneurial Firm aManaging and Growing an Entrepreneurial Firm aIreland, R Duane